Coupe du Monde 2018 - Statistiques

Statistiques générales
  • Ce quiz a été pris 185 fois
    82 depuis la dernière actualisation
  • Le résultat moyen est 29 sur 36
Statistiques - réponses
Réponse % Correct
France
100%
Argentine
97%
Espagne
97%
Brésil
96%
Portugal
96%
Belgique
95%
Japon
95%
Croatie
93%
Australie
92%
Russie
92%
Uruguay
92%
Allemagne
91%
Angleterre
89%
Maroc
89%
Suède
89%
Mexique
88%
Pérou
88%
Suisse
85%
Danemark
83%
Italie
83%
Colombie
81%
Corée du Sud
80%
Pologne
80%
Arabie Saoudite
76%
Egypte
76%
Nigeria
76%
Tunisie
76%
Iran
75%
Islande
73%
Sénégal
72%
Serbie
72%
Costa Rica
69%
Irlande
64%
Panama
60%
Nouvelle-Zélande
47%
Honduras
40%
Aucun quiz correspondant
Distribution des résultats
% des personnes avec chaque résultat
Percentile par nombre de réponses
Votre historique - résultats
Vous n’avez pas pris ce quiz depuis la dernière actualisation